| 000 | 00972njm a22002657a 4500 | ||
|---|---|---|---|
| 005 | 20100917135834.0 | ||
| 007 | sd ammalaaahaa | ||
| 008 | 100913t xxu||||| |||| 00| 0 hin d | ||
| 028 |
_aMOCE 4050 _bODEON |
||
| 035 | _aGR-03158 | ||
| 040 | _aSED/VEN | ||
| 100 |
_aKishore Kumar _91184 |
||
| 245 |
_aRoop tera mastana - aradhana / _cby Kishore Kumar _h[sound recording] : |
||
| 246 | _aरूप तेरा मस्ताना - आराधना | ||
| 260 |
_aDum Dum India _bEMI _c1971 |
||
| 300 |
_a1 sound disc [Gramophone record] : _banalog, 33 1/3 rpm _c12.5 in. (LP) _fGramophone Record |
||
| 500 | _aBrief Record | ||
| 500 | _aRecord label :EMI, Black | ||
| 505 | _aSide-2 (Yeh jo mohabbat hai - kati patang) (Kishore Kumar) | ||
| 600 |
_919992 _2Kishore Kumar |
||
| 650 |
_aHindi Film Songs _xExcerpts _zIndia _919603 |
||
| 700 | _920458 | ||
| 942 |
_2ddc _cGR |
||
| 999 |
_c46448 _d46448 |
||